[Event "New York op"]
[Site "New York"]
[Date "1998.03.19"]
[Round "6"]
[White "Kreiman, Boris"]
[Black "Blatny, Pavel"]
[Result "0-1"]
[WhiteElo "2445"]
[BlackElo "2560"]
[Annotator "Finkel,A"]
[PlyCount "136"]
[EventDate "1998.03.16"]
[EventType "swiss"]
[EventRounds "9"]
[EventCountry "USA"]
[SourceTitle "CBM 064"]
[Source "ChessBase"]
[SourceDate "1998.06.02"]
[SourceVersion "1"]
[SourceVersionDate "1998.06.02"]
[SourceQuality "1"]

1. e4 {Hecht} e6 2. d4 d5 3. Nc3 dxe4 4. Nxe4 Be7 5. Nf3 Nf6 6. Nxf6+ Bxf6 7.
c3 b6 (7... Nd7 8. Be3 $5 O-O 9. Bd3 c5 10. Qc2 h6 11. O-O cxd4 12. Bxd4 Bxd4
13. Nxd4 $14 {Peek,M-Carlier,B/Oostende op 1991/1-0 (54)}) 8. Bd3 (8. Bb5+ c6
9. Bd3 Ba6 $1 10. O-O Bxd3 11. Qxd3 O-O 12. Bf4 Nd7 13. Rad1 Qe7 $11 {Adorjan,
A-Romanishin,O/Hastings 1976 (25)}) 8... Bb7 9. Qe2 Nd7 10. Bf4 O-O (10... h6
11. O-O-O a6 12. Bc2 Bxf3 $6 13. Qxf3 Bg5 14. h4 Bxf4+ 15. Qxf4 $14 {Kotsur,
P-Pinjagin,D/RUS-Cup5 1997 (34)}) 11. O-O-O $14 Re8 12. h4 Nf8 $5 13. Kb1 (13.
g4 $6 Qd5 $1 {[%cal Gd5f3,Gd5a2]} 14. Rh3 Qxa2 15. Bxc7 Rac8 16. Be5 $13) 13...
Qe7 14. g4 {[%cal Gb7h1]} (14. Rde1 $5 c5 15. dxc5 Qxc5 16. Be3 Qc7 17. Bg5
Bxg5 18. hxg5 Qf4 $1 $132) 14... e5 $5 15. dxe5 (15. Bxe5 $5 Bxe5 16. dxe5 Bxf3
17. Qxf3 Qxe5 18. h5 $14) 15... Bxe5 16. Nxe5 (16. Bxe5 $5 $14) 16... Bxh1 17.
Rxh1 f6 {[%cal Ge7e2]} 18. Be4 (18. Bc4+ $5 Kh8 19. Bb5 $1 (19. Nf7+ $2 Qxf7
20. Bxf7 Rxe2 $17) 19... fxe5 20. Bxe8 Rxe8 21. Bg3 $14) 18... fxe5 19. Bxa8
exf4 20. Qc4+ $6 {After this move white hardly can hope to get any advantage.
More logical was} (20. Bd5+ Kh8 21. Qxe7 Rxe7 22. h5 $1 {[%csl Rh8]} Nd7 23.
Rd1 $14 {with better chanses in the endgame.}) 20... Kh8 21. Bc6 Qe6 $1 22.
Qxe6 Rxe6 23. Bf3 g5 $1 $132 {Strong move promising black good chanses for
equality.} 24. hxg5 Kg7 25. Rd1 Rd6 26. Re1 Re6 27. Rd1 Rd6 28. Re1 Re6 29. Rh1
$6 {Of course this move is not a mistake,but it shows that white overestimates
his chanses in the endgame and everybody knows what may happen if you play for
a win an equal position...} (29. Rd1 $11) 29... Re5 30. Rd1 Ne6 31. Rd2 $6 Nxg5
32. Bc6 Kf6 33. Kc2 Re6 34. Bb7 Rd6 $6 {Hoping to win some time repeating the
moves,but after the move in the game white could exchange the rooks and to
deprive black any chanse to win.} (34... c6 $1) 35. Re2 (35. Rxd6+ $5 cxd6 36.
Kd3 Ke5 37. b4 $11) 35... Re6 36. Rd2 (36. Rxe6+ $11) 36... Rd6 37. Re2 c6 $1
$36 {The position remains equal,but now black is the one who fights for the
advantage!} 38. Re8 $2 (38. Rd2 $1 Ke5 (38... Re6 $6 39. Bc8 Re1 40. Bf5 $1 Ne4
41. Rd4 Ke5 42. Rd7 $14) 39. Rxd6 Kxd6 40. Kd3 $11) 38... Nf3 $1 {[%csl Rf2,
Rg4] From now on white's position starts to deteriorate very quickly.} 39. Re2
h6 40. Bc8 Kg5 {[%cal Gd6d5,Gd5e5]} 41. b4 Rd5 $1 $17 42. Bf5 $8 Re5 43. Be4
Ng1 44. Re1 Nh3 45. f3 Nf2 46. Re2 $8 {Again the only move to continue the
struggle.} Nxe4 47. Kd3 Nc5+ $1 48. bxc5 Rxe2 $1 $19 {Transfering the game
into pawns ending is quickest way to win.Much worse was} (48... Rxc5 $6 49. Rh2
Kg6 50. Ke4 Rxc3 51. Kxf4 c5 52. Rd2 $1 $15 {with chanses to save the game.})
49. Kxe2 {[#] Hecht:  Schwarz fixiert die weiße Bauernschwäche auf c5 anstatt
sie sofort zu nehmen. Das Nehmen würde nicht nur die eigenen Bauern entwerten,
sondern sogar wegen Zugzwang verlieren. Für die feine Endspielstrategie gibt
es eine "kleine" Medaille.} b5 {[%csl Rc5] The weak pawn on c5 decides the
game into black's favour.} (49... bxc5 $2 {Hecht} 50. Kd3 Kh4 (50... c4+ 51.
Kxc4 Kh4 52. Kd4 Kg3 53. Ke4 a6 54. a3 c5 55. c4 a5 56. a4 $18) 51. Ke4 Kg3 52.
c4 a6 53. a3 $18) 50. Kf2 (50. Kd3 $2 Kh4 51. Ke4 Kg3 {und nun gewinnt Schwarz
durch Zugzwang bzw. mit einem Tempo beim Wettlauf c-Bauer gegen f-Bauer.} 52.
a3 (52. Ke5 {Hecht} Kxf3 53. Kd6 Kxg4 54. Kxc6 f3 55. Kb7 f2 $19) 52... a5 $19)
50... a5 51. Kg2 h5 {Hecht: beseitigt die eigene Bauernschwäche, um sich
anschließend dem Damenflügel zuzuwenden.} 52. gxh5 (52. Kh3 {Hecht} hxg4+ 53.
fxg4 b4 54. cxb4 axb4 $22 $19) 52... Kxh5 53. Kh2 a4 $1 (53... b4 {Hecht} 54.
cxb4 axb4 55. Kg2 Kg5 56. Kh3 Kf5 57. Kh4 Ke5 58. Kg4 Kd4 59. Kxf4 Kc3 60. Ke5
Kb2 61. f4 Kxa2 62. f5 $11) 54. a3 Kg5 55. Kh3 Kf5 56. Kh4 Ke5 57. Kg5 Kd5 58.
Kxf4 Kc4 $1 {Arising queens endgame is totally lost for white.} 59. Kg5 Kxc3
60. f4 b4 61. f5 bxa3 62. f6 a2 63. f7 a1=Q 64. f8=Q Qg1+ 65. Kh6 Qe3+ 66. Kh7
Qe4+ 67. Kh8 a3 68. Qf1 $2 {Hecht: Weiß kann nicht zugleich den Bc5
verteidigen und den a-Bauern aufhalten. Ein besserer Zug an dieser Stelle
hätte wenigstens den sofortigen Damentausch aber auch nicht den Verlust
vermieden.} Qd4+ $1 0-1

[Event "FRA-chT Top 16 GpB"]
[Site "Port Barcares"]
[Date "2005.05.05"]
[Round "9"]
[White "Svidler, Peter"]
[Black "Gurevich, Mikhail"]
[Result "1-0"]
[WhiteElo "2725"]
[BlackElo "2630"]
[Annotator "Finkel,A"]
[PlyCount "115"]
[EventDate "2005.05.04"]
[EventType "team"]
[EventRounds "11"]
[EventCountry "FRA"]
[SourceTitle "CBM 107"]
[Source "ChessBase"]
[SourceDate "2005.08.01"]
[SourceVersion "1"]
[SourceVersionDate "2005.08.01"]
[SourceQuality "1"]

1. e4 e6 2. d4 d5 3. Nc3 Nf6 4. Bg5 dxe4 5. Nxe4 Nbd7 6. Nf3 h6 7. Nxf6+ Nxf6
8. Be3 {In my opinion this move is far more dangerous for Black than the more
popular 8.B:f6 and 8.Bh4.} Nd5 (8... Bd6 9. Bd3 Nd5 10. Qe2 Nxe3 11. Qxe3 Bd7
12. Be4 c5 13. O-O-O Qc7 14. Kb1 O-O-O $11 {Krakops,M-Kaminski,M/Guarapuava
1995/Juniors}) 9. Qd2 (9. Bd2 Be7 10. Bd3 (10. Be2 O-O 11. O-O c5 12. dxc5 Qc7
13. c4 Nf4 14. Bxf4 Qxf4 15. b4 a5 16. a3 $14 {Tischbierek,R-Ellers,H/Germany
1997/GER-chT}) 10... Nb4 11. Bc4 c6 12. O-O O-O 13. Re1 b5 14. Be2 Bb7 15. c3
Nd5 16. Ne5 $14 {Lau,R-Backwinkel,P/Germany 1996/GER-chT}) (9. Bd3 Nxe3 (9...
c5 10. O-O Bd6 11. Bb5+ Bd7 12. Bxd7+ Qxd7 13. dxc5 Nxe3 14. fxe3 Bxc5 15.
Qxd7+ Kxd7 $15 {Bagirov,R-Kacheishvili,G/Baku 1997/EXT 2000}) 10. fxe3 Bd6 11.
O-O O-O 12. c3 Qe7 13. Bc4 e5 14. dxe5 Bc5 15. Qb3 Bxe3+ 16. Kh1 $14 {
Arencibia,W-Rahal,M/Barbera 1996/EXT 97}) 9... Bb4 {I am not sure that black
should enforce c3, but it doesn't seem to be of major importance anyway.} (9...
Bd6 10. O-O-O Bd7 11. Ne5 (11. c4 Nxe3 12. fxe3 Bc6 13. c5 Be7 14. Ne5 Bd5 15.
Kb1 Bf6 $13 {Lupulescu,C-Jeremic,V/Korinthos 2004}) 11... Qe7 12. Bc4 Bxe5 13.
dxe5 Bc6 14. Qd4 Nxe3 15. Qxe3 Qg5 16. f4 Qxg2 17. Rhg1 Qe4 18. Qxe4 Bxe4 19.
Rxg7 {1/2-1/2 Leko,P-Bareev,E/Wijk aan Zee 2004/CBM 099 (19)}) (9... Nxe3 10.
fxe3 c5 11. O-O-O (11. Bd3 Be7 12. O-O O-O 13. c3 b6 14. Rad1 Bb7 15. Qc2 cxd4
16. exd4 Bd6 17. Be4 Bxe4 18. Qxe4 Qc7 $13 {Horn,P-Plesec,D/Geneve 1994}) 11...
cxd4 12. Bb5+ Bd7 13. Qe2 a6 14. Bxd7+ Qxd7 15. exd4 Bd6 16. Kb1 O-O 17. g4 $14
{Mamedyarov,S-Gaprindashvili,V/Kocaeli 2002}) (9... a6 10. Bd3 Bd6 11. O-O Qe7
12. c4 Nxe3 13. fxe3 c5 $6 14. b4 b6 15. Be4 Rb8 $6 16. Bc6+ $14 {Gallagher,
J-Markos,J/Leon 2001}) (9... c5 10. O-O-O Qb6 11. Ne5 Nxe3 12. fxe3 Be7 13. h4
Bf6 14. Ng4 Be7 15. Kb1 O-O 16. c3 Rd8 17. Bd3 Bd7 18. Bc2 $36 {Arnold,L-Papa,
S/Landau 2002}) 10. c3 Bd6 11. O-O-O (11. Bd3 Bd7 12. O-O-O Qe7 13. c4 Nxe3 14.
fxe3 c5 15. Qc3 O-O $13 {Shirov,A-Vallejo Pons,F/Monaco 2004}) 11... Qe7 12.
Ne5 ({Nothing promises} 12. Bd3 Bd7 13. Rhe1 Ba4 14. b3 Bc6 $11) 12... Bxe5 13.
dxe5 Bd7 14. Qd4 {[%cal Ge3d2]} Nxe3 15. Qxe3 $14 {White has a minimal
advantage due to a possibility to transfer the rook on g4, however Black can
be satisfied with the outcome of the opening.} Bc6 16. Rd4 O-O 17. Bd3 Rad8 18.
Rg4 f5 (18... Kh8 19. Rd1 a6 20. Qg3 Rg8) 19. exf6 Qxf6 20. f3 h5 $5 21. Rg6
Qf4 22. Qxf4 Rxf4 23. Bc2 Rf6 (23... h4 $5 24. Rxe6 h3 25. gxh3 Rxf3 26. Re7
Rd7 27. Rxd7 Bxd7 28. Be4 Rf2 29. Bxb7 Bf5 $14) 24. h4 $1 $14 {[%csl Rh5]} Rxg6
(24... Kf7 25. Rg5 g6 $14) 25. Bxg6 Be8 26. Bxe8 (26. Be4 b6 27. f4 Kf7 28. Re1
Kf6 $11) 26... Rxe8 27. Rd1 Kf7 28. Rd7+ Re7 29. Rd8 (29. Rxe7+ $5 Kxe7 30. Kd2
Kd6 31. Ke3 Ke5 32. c4 Kf5 33. b4 $14) 29... e5 (29... Re8 $2 30. Rxe8 Kxe8 31.
Kd2 Ke7 32. Ke3 Kf6 33. Ke4 $16 g5 34. hxg5+ Kxg5 35. Ke5 Kh4 36. g4 $18) (
29... Kf6 30. Kd2 g5 31. Rf8+ Kg7 32. Rb8 gxh4 33. Rxb7 Kf6 34. Ke2 Rg7 35. Kf1
$16) 30. Kd2 e4 $2 (30... Ke6 31. Ke3 Rf7 32. g3 Kf5 $14) 31. f4 $16 {[%csl
Re4]} e3+ (31... Ke6 32. Rf8 Rd7+ 33. Ke3 Rd3+ 34. Kxe4 Rd2 35. f5+ Ke7 36. Rc8
Kd7 37. Rg8 Rxg2 38. f6 $16) 32. Ke2 g6 33. Rd3 Kf6 34. Rxe3 Rd7 35. Re5 Rd6
36. Ra5 $1 a6 37. Rc5 c6 38. Re5 Rd8 (38... b6) 39. a4 Rd7 40. a5 $1 $18 {
[%cal Ge2e3,Ge3b6]} Rd8 41. b4 Rd7 42. g3 Rd8 43. Rg5 Rd7 44. Ke3 Rd1 $6 (44...
Rd8 45. Ke4 Rd1 46. f5 Re1+ 47. Kd3 (47. Kd4 gxf5 48. Rxh5 Re4+ 49. Kc5 Rg4 50.
Kb6 Rxg3 51. Kxb7 Rxc3 52. Kxa6 Rc4 $132) 47... gxf5 48. Rxh5 Rg1 49. Rg5 Rh1
50. Kc4 f4 51. g4 Rxh4 52. Rf5+ Ke6 53. Rxf4 $18) 45. Ke4 Rd7 46. f5 Re7+ 47.
Kf4 gxf5 48. Rxf5+ Kg6 49. Rg5+ Kh6 50. Re5 Rd7 51. Re6+ Kg7 52. Ke4 Kh7 53.
Rf6 Kg7 54. Rf3 Rd1 55. Rd3 Re1+ 56. Kd4 Kf6 57. Rf3+ Kg6 58. c4 1-0

[Event "ARG-ch"]
[Site "Buenos Aires"]
[Date "1998.04.21"]
[Round "6"]
[White "Spangenberg, Hugo"]
[Black "Gomez Baillo, Jorge H"]
[Result "1-0"]
[WhiteElo "2530"]
[BlackElo "2440"]
[Annotator "Finkel,A"]
[PlyCount "79"]
[EventDate "1998.04.15"]
[EventType "tourn"]
[EventRounds "15"]
[EventCountry "ARG"]
[EventCategory "9"]
[SourceTitle "CBM 065"]
[Source "ChessBase"]
[SourceDate "1998.08.06"]
[SourceVersion "1"]
[SourceVersionDate "1998.08.06"]
[SourceQuality "1"]

{[%mdl 20512]} 1. e4 e6 2. d4 d5 3. Nc3 dxe4 4. Nxe4 Nd7 5. Nf3 Ngf6 6. Bg5 Be7
7. Nxf6+ Nxf6 8. Bd3 h6 9. Bh4 c5 10. O-O (10. Qe2 Qa5+ 11. c3 O-O (11... cxd4
$5 12. Nxd4 Bd7 13. O-O Qh5 $5 14. Qxh5 Nxh5 15. Bxe7 Kxe7 16. f4 g6 $11 {
Short,N-Kortschnoj,V/Manila izt 1990 (25)}) 12. Ne5 $2 cxd4 13. O-O dxc3 14.
Bxf6 Bxf6 15. Qe4 Rd8 $17 {Borst,J-Bosboom,M/NLD-ch sf 1995 (26)}) (10. Bb5+
Bd7 11. Bxd7+ Nxd7 12. Bxe7 Qxe7 13. O-O cxd4 14. Qxd4 O-O $11 {Wijesurija,
G-Chambule,P/Erevan olm 1996/0-1 (51)}) 10... cxd4 11. Nxd4 O-O 12. Re1 $5 {
Usefull move also aimed against e5.} (12. c3 e5 $5 13. Nf5 Bxf5 14. Bxf5 g6 15.
Bc2 Nh5 16. Qxd8 Bxd8 17. Bxd8 Raxd8 18. Rfd1 $14 {1/2-1/2Arnold,L-Pachman,L/
BL2-S 1995}) 12... Nd5 13. Bxe7 (13. Bg3 Qb6 $5 14. Nb3 Bd7 15. Qg4 $5 Nf6 16.
Qd4 Qxd4 17. Nxd4 Rfd8 $11) 13... Qxe7 14. c3 b6 $11 {The arising position is
typical not only for French defense,but also for Karo-Kan and for some lines
of Sicilian with 2.c3;but one thing is clear-black has solved all opening
problems.} 15. Be4 Bb7 16. Qf3 {[%cal Gc3c4,Ge4b7]} Qc7 (16... Rac8 $4 17. Bxd5
Bxd5 18. Qxd5 $18) 17. b3 {Preparing to play c4.} Rab8 18. c4 Nf6 19. Bxb7 Qxb7
20. Qxb7 Rxb7 21. Rad1 {The arising endgame is equal,but black has to be
carefull not to get in troubles.} Rd8 ({Another possibility was} 21... Rd7 $5
22. Nc6 (22. Nb5 Rfd8 23. Nc3 Kf8 24. Kf1 Ke7 $11) 22... Rc7 23. Ne5 Rfc8 {
with balanced position.}) 22. Nc6 Rxd1 23. Rxd1 Rc7 24. Rd8+ Kh7 25. Nd4 Rd7 $5
26. Rxd7 Nxd7 27. b4 Kg6 28. f4 e5 (28... Kf6 29. Kf2 e5 30. Nc6 a6 31. Ke3
exf4+ 32. Kxf4 Ke6 $11) 29. Nc6 exf4 $6 (29... Kf5 $142 $5 30. Nxa7 Kxf4 31.
Kf2 Ke4 32. Nc8 Kd3 $13 {[%cal Ge5e2,Ga2a7]}) 30. Nxa7 Kf5 {Despite of
inaccuracy of black on previous move the position remaines drawn.} 31. a4 Ke4 {
The king has to go to the queenside to stop white pawns.} 32. Nb5 $1 {The only
chanse to create something.} Kd3 33. Nd6 $36 Kc3 34. a5 bxa5 (34... Kxb4 $4 35.
a6 b5 36. Nc8 $1 $18 {[%cal Ga6a8]}) 35. bxa5 Nc5 36. Kf2 Kb4 37. Kf3 Kxa5 38.
Kxf4 Kb4 39. Ke5 $5 (39. Nxf7 Kxc4 40. Kf5 Kd5 $5 (40... Nd3 $5 41. g3 $5 (41.
Ne5+ Nxe5 42. Kxe5 Kd3 43. Kf5 Ke3 44. Kg6 Kf2 45. Kxg7 h5 $1 (45... Kxg2 $2
46. h4 $1 h5 47. Kg6 Kg3 48. Kxh5 $18) 46. h4 Kg3 $1 $11) 41... Kd5 42. Kg6 Ke4
43. Kxg7 Kf3 44. Kxh6 Kg2 45. Kh5 Kxh2 46. Kh4 Nf2 $11) 41. Kg6 Ne6 42. g3 Ke4
43. Nd6+ Kf3 44. Kf7 Nd4 45. Kxg7 Kg2 46. Kxh6 Kxh2 $11) 39... Nd3+ 40. Kd4 $14
{In this position black has overcame the time-limit.White still keeps some
wining chanses,but draw would be the most likely result if the game went on.}
1-0

[Event "Bundesliga 0506"]
[Site "Germany"]
[Date "2006.03.11"]
[Round "12.3"]
[White "Areshchenko, Alexander"]
[Black "Vaganian, Rafael A"]
[Result "1-0"]
[WhiteElo "2653"]
[BlackElo "2614"]
[Annotator "Finkel,A"]
[PlyCount "107"]
[EventDate "2005.10.21"]
[EventType "team-tourn"]
[EventRounds "15"]
[EventCountry "GER"]
[SourceTitle "CBM 112"]
[Source "ChessBase"]
[SourceDate "2006.06.07"]
[SourceVersion "1"]
[SourceVersionDate "2006.06.07"]
[SourceQuality "1"]
[WhiteTeam "Werder Bremen"]
[BlackTeam "Porz"]
[WhiteTeamCountry "GER"]
[BlackTeamCountry "GER"]

1. e4 e6 2. d4 d5 3. Nc3 Nf6 4. Bg5 dxe4 5. Nxe4 Nbd7 6. Nf3 h6 7. Nxf6+ Nxf6
8. Be3 Nd5 9. Bd2 {This move is considered to be insufficient for advantage
due to 8...c5, but Vaganian implies another plan, which seems to be good
enough for equality.} (9. Qd2 $5) 9... Be7 (9... c5 $5 10. Bb5+ (10. Ne5 a6 11.
c4 Nf6 12. Bc3 cxd4 13. Qxd4 Qxd4 14. Bxd4 Nd7 15. Bd3 Nxe5 16. Bxe5 Bd7 $11 {
Polgar,J-Kortschnoj,V/Enghien les Bains 2003}) 10... Bd7 11. Qe2 Bxb5 12. Qxb5+
Qd7 13. Qe2 O-O-O 14. c4 Nf6 15. dxc5 Bxc5 16. O-O Qd3 $11 {Perunovic,M-Kosic,
D/Herceg Novi 1999}) (9... Bd6 $5 10. c4 Nf6 11. Bd3 c5 12. dxc5 Bxc5 13. Qe2
Qe7 14. O-O-O b6 15. Bc2 a6 16. Kb1 Bb7 17. Bc3 O-O $132 {Xu Jun-Zvjaginsev,V/
Moscow 2001}) 10. Bd3 (10. Be2 O-O 11. O-O c5 12. dxc5 Qc7 $2 13. c4 Nf4 14.
Bxf4 Qxf4 15. b4 a5 16. a3 Bf6 17. Rb1 $16 {Tischbierek,R-Ellers,H/Germany
1997/GER-chT}) 10... Bf6 $5 {Black just wants to bring the bishop to c6, so he
needs to meet Ne5 with ...Bxe5.} (10... Nb4 $6 11. Bc4 c6 12. O-O O-O 13. Re1
b5 14. Be2 Bb7 15. c3 Nd5 16. Ne5 a6 17. a4 $14 {Lau,R-Backwinkel,P/Germany
1996/GER-chT}) 11. c3 Bd7 12. Qe2 Bc6 13. O-O-O Qd6 (13... Nb6 $6 {[%cal Gd8d5]
} 14. Ne5 Bxg2 (14... Bxe5 15. Qxe5 $1 $14) 15. Rhg1 Bd5 16. c4 Bc6 17. d5 $16)
14. Ne5 Bxe5 15. dxe5 Qc5 16. Qg4 O-O-O {[%csl Rd3][%cal Gd8d1]} 17. Bc2 {
This move is called for as the immediate} (17. Qxg7 $6 {would've been met with}
Ba4 $1 18. Rdf1 Nb4 $36 {[%cal Gc5d5]}) 17... Qxf2 ({Not so bad was also} 17...
Rhg8 $5 18. Qg3 $140 f5 $1 $132) 18. Rhf1 Ne3 $1 19. Rxf2 Nxg4 20. Rxf7 g5 21.
Re1 Nxh2 $1 {Correctly assessing that the knight is safe on h2!} (21... Rd5 $6
22. Bb3 Rxe5 23. Bxe6+ Rxe6 24. Rxe6 Bd5 25. Ree7 Bxf7 26. Rxf7 Rd8 (26... Nxh2
$6 27. Be1 {[%csl Rc7][%cal Ge1g3]} Ng4 28. Bg3 Re8 29. Rxc7+ Kd8 30. Rxb7 Re2
31. Rxa7 $14) 27. h3 Ne5 28. Rh7 Rd6 29. Kc2 $14) 22. Bd1 $1 {[%csl Rh2]} Rd3 {
[%cal Gh8d8]} (22... Rhf8 23. Rf6 $16) 23. Rh1 Rhd8 24. Rf2 g4 25. Bxh6 {
White isn't ready to settle for a draw yet.} (25. Bf4 g3 26. Bxg3 Rxg3 27. Rxh2
Rg5 28. Rxh6 Rxe5 $11) 25... g3 26. Rc2 Rg8 (26... Ba4 27. b3 Bc6 28. Bf4 Be4
29. Re1 Bf5 30. Be2 R3d7 31. Bxg3 Bxc2 32. Kxc2 Rh8 33. Bc4 (33. Rh1 Rg7 $1 $19
) 33... Rg7 34. Bxe6+ Kb8 35. Bf4 Rxg2+ 36. Kd3 Ng4 $13) 27. Bf4 Ng4 {The
knight is finally free!} 28. Be2 Nf2 29. Rg1 Rd7 30. Rd2 Rf7 (30... Bd5 $5) 31.
Bc4 Bd5 $1 32. Bxd5 exd5 33. Be3 Re8 $2 {An unfortunate mistake after a
well-played game. After the correct} (33... c6 $1 34. Bxa7 Ne4 35. Rd3 Re7 $15
{White would have to show some defensive skills to escape with a draw.}) 34.
Rxd5 Ng4 $6 {As it usually happens one mistake drags another. More chances for
successful defense would have left} (34... Rxe5 35. Rxe5 Nd3+ 36. Kc2 Nxe5 37.
Rh1 Nc4 38. Bd4 b6 39. b3 Nd6 40. Kd3 $14 {[%csl Rg3]}) 35. Bd4 c6 36. e6 $1
Rxe6 37. Rg5 $16 {Black is losing the pawn on g3.} Rf4 38. Rh1 {[%csl Rc8]} Kd7
39. Rh7+ Re7 40. Rgg7 Rxg7 (40... Rfe4 41. Rxe7+ Rxe7 42. Rh3 $16) 41. Rxg7+
Ke6 42. Rxb7 a6 43. Rg7 Kf5 44. Kd2 $18 Re4 45. Rf7+ Kg5 46. Ra7 Re6 47. Rxa6
Nf2 48. Ra5+ Kf4 49. Ra4 Kf5 50. Be3 Ne4+ 51. Ke2 Nd6 52. Kf3 Kf6 53. Bc5 Nf5
54. Re4 1-0

[Event "Asia-ch"]
[Site "Kolkata"]
[Date "2001.08.14"]
[Round "8"]
[White "Antonio, Rogelio Jr"]
[Black "Wohl, Aleksandar H"]
[Result "1-0"]
[WhiteElo "2535"]
[BlackElo "2371"]
[Annotator "Finkel,A"]
[PlyCount "55"]
[EventDate "2001.08.09"]
[EventType "swiss"]
[EventRounds "11"]
[EventCountry "IND"]
[SourceTitle "CBM 085"]
[Source "ChessBase"]
[SourceDate "2001.11.13"]
[SourceVersion "1"]
[SourceVersionDate "2001.11.13"]
[SourceQuality "1"]

1. e4 e6 2. d4 d5 3. Nc3 Nf6 4. Bg5 dxe4 5. Nxe4 Nbd7 6. Nf3 Be7 7. Nxf6+ Nxf6
8. Bd3 c5 9. dxc5 Qa5+ 10. c3 Qxc5 11. Qe2 Bd7 (11... a6 12. O-O b6 13. Rad1
Bb7 14. Ne5 Rd8 15. Kh1 Qc8 16. f4 $5 $36 {Palac,M-Tratar,M/Open 1999}) 12. O-O
({Nothing promises} 12. Ne5 Bc6 13. O-O Nd7 14. Bxe7 Kxe7 15. Nxc6+ bxc6 $13 {
Hector,J-Agdestein,S/Reykjavik op 1996}) 12... O-O $2 {Blundering a pawn} 13.
Ne5 $2 {Refusing to take a gift!} (13. Bxf6 Bxf6 14. Bxh7+ Kxh7 15. Qd3+ Kg8
16. Qxd7 Rfd8 17. Qa4 Rd3 18. Rad1 $16 {Goldin,R-Shachar,H/Petach Tikva-B 1996}
) 13... Bc6 (13... Be8 14. Rad1 Nd5 15. Bxe7 Qxe7 16. Bc2 f6 17. Nf3 Nf4 18.
Qc4 Ng6 19. Nd4 Bf7 $11 {Skovgaard,T-Moloney,N/Politiken Cup 1998}) 14. Rad1
Rfd8 {Preparing a retreat of the bishop to e8} (14... Rad8 15. Rfe1 a6 16. Bh4
b5 17. Kh1 Bd5 18. Bb1 Rfe8 $132 {Ghate,S-Guadalpi,C/WchJW U20 1996}) (14... a5
15. Rfe1 a4 16. a3 Rad8 17. Nxc6 bxc6 18. Bxf6 Bxf6 19. Qe4 $16 {Hasangatin,
R-Vadasz,L/Budapest FS03 IM-A 1997}) 15. Rfe1 Be8 $5 16. h3 b5 17. Bh4 a5 18.
Qf3 b4 19. c4 a4 20. b3 axb3 21. axb3 Ra6 $4 {[%csl Rd8] Weakening 8th rank,
and now white wins using almost the same idea as on 13th move, when he missed
a chanse to remain with a pawn up!} 22. Bxf6 $1 $18 gxf6 (22... Bxf6 23. Bxh7+
Kxh7 (23... Kf8 24. Ng6+ $1 fxg6 25. Rxd8 $18 {[%cal Gf3f8]}) 24. Rxd8 Bxd8 25.
Qd3+ Kg8 26. Qxd8 Qf8 27. Rd1 $18) 23. Bxh7+ $1 Kxh7 24. Rxd8 Bxd8 25. Qd3+ Kg7
26. Qxd8 fxe5 27. Qxe8 Ra2 (27... Qf8 28. Qxf8+ Kxf8 29. Rxe5 Ra1+ 30. Kh2 Rb1
31. Re3 $18) 28. Re3 {[%cal Ge3g3]} 1-0